Welcome to the Holygrace Academy Library

Please use search bar below to get started

THE TEMPEST (Record no. 3507)

MARC details
000 -LEADER
fixed length control field 00281nam a22001337a 4500
020 ## - INTERNATIONAL STANDARD BOOK NUMBER
ISBN 81-291-0724-4
082 ## - DEWEY DECIMAL CLASSIFICATION NUMBER
Classification number 822
Item number SHA/T
100 ## - MAIN ENTRY--AUTHOR NAME
Personal name SHAKESPEARE, WILLIAM
245 ## - TITLE STATEMENT
Title THE TEMPEST
260 ## - PUBLICATION, DISTRIBUTION, ETC. (IMPRINT)
Place of publication NEW DELHI
Name of publisher RUPA.CO
300 ## - PHYSICAL DESCRIPTION
Number of Pages 109
650 ## - SUBJECT ADDED ENTRY--TOPICAL TERM
Topical Term PLAY
Geographic subdivision NEW DELHI
942 ## - ADDED ENTRY ELEMENTS (KOHA)
Koha item type Books
Holdings
Withdrawn status Lost status Collection code Home library Current library Shelving location Date acquired Source of acquisition Full call number Accession Number Koha item type
    Fiction Main Library Main Library SHELF 16-A- ENGLISH LITERATURE COLLECTION OF WORKS 23/10/2006 PURCHASE 822 SHA/T 03702 Books